Statistics for Biggest 'B' Cities by Country

Click here to take the quiz!

General Stats

  • This quiz has been taken 257 times
    (177 since last reset)
  • The average score is 17 of 20

Answer Stats

PopulationCountryCity% Correct
3,471,756GermanyBerlin
99%
7,878,783ColombiaBogotá
97%
1,138,854BelgiumBrussels
97%
1,735,711HungaryBudapest
97%
9,500,000IraqBaghdad
96%
5,658,953ThailandBangkok
96%
2,553,379United KingdomBirmingham
95%
1,620,943SpainBarcelona
94%
2,852,372BrazilBrasília
94%
2,189,878AustraliaBrisbane
93%
2,150,800AzerbaijanBaku
90%
3,526,648South KoreaBusan
82%
1,297,281MaliBamako
81%
238,098NorwayBergen
81%
2,863,322ItalyBologna
81%
5,570,585IndiaBangalore
76%
173,808SwitzerlandBasel
72%
239,157FranceBordeaux
71%
385,913Czech RepublicBrno
68%
300,715BelarusBrest
44%

Score Distribution

Percentile by Number Answered

Percent of People with Each Score

Your Score History

You have not taken this quiz since the last reset